| 000 | 01407cam a22003617i 4500 | ||
|---|---|---|---|
| 001 | 16145113 | ||
| 005 | 20180123032946.0 | ||
| 008 | 100319s2011 nyu b 001 0 eng c | ||
| 010 | _a 2010011469 | ||
| 016 | 7 |
_a015556512 _2Uk |
|
| 020 | _a9780415873970 (hbk. : alk. paper) | ||
| 020 | _a0415873975 (hbk. : alk. paper) | ||
| 020 | _a9780415874007 (pbk.) | ||
| 020 | _a0415874009 (pbk.) | ||
| 020 | _a9780203842935 (ebk) | ||
| 035 | _a(OCoLC)ocn526106550 | ||
| 040 |
_aDLC _beng _erda _cDLC _dYDX _dBTCTA _dYDXCP _dCDX _dPMC _dLML _dUKMGB _dMNE _dOCLCF _dP4I _dOCLCO _dCS1 _dDLC |
||
| 041 | _aeng | ||
| 042 | _apcc | ||
| 043 | _an-us--- | ||
| 080 | _a574 LAU | ||
| 100 | _a9 | ||
| 101 | _aMJE | ||
| 245 | 0 | 0 |
_aBreaking the wave : _cedited by Kathleen A. Laughlin and Jacqueline L. Castledine. |
| 504 | _aIncludes bibliographical references (pages 252-256) and index. | ||
| 648 | 7 |
_a1900 - 1999 _2fast |
|
| 776 | 0 | 8 |
_iOnline version: _tBreaking the wave. _dNew York : Routledge, 2011 _w(OCoLC)760967233 |
| 906 |
_a7 _bcbc _cpccadap _d1 _eepcn _f20 _gy-gencatlg |
||
| 942 |
_2ddc _cBK |
||
| 999 |
_c40697 _d40697 |
||